Začínajú likvidovať "sucháre" pri turistických chodníkoch

Bibliographic Details
Format: Article
Language:Slovak
Subjects:

MARC

LEADER 00000nab a2200000 a 4500
001 vtls010278923
003 SK-MaSNL
005 20260303204309.0
008 180907 2011 xo e 000 0 slo
038 |a PPPK 
040 |a PPPKCL  |b slo  |c PPPK  |e AACR2 
041 0 |a slo 
044 |a xo  |c SK 
080 |a 630.1  |x (437.6-17)  |2 2001 
080 |a 630.41  |x (437.6-17)  |2 2001 
245 0 0 |a Začínajú likvidovať "sucháre" pri turistických chodníkoch  |c [autor] (pet) 
610 2 7 |a Štátne lesy Tatranského národného parku (Slovensko)  |2 pppkcl 
650 0 7 |a lesy  |2 pppkcl  |9 1437 
650 0 7 |a ochrana lesa  |2 pppkcl  |9 2455 
651 7 |a Vysoké Tatry (Poľsko a Slovensko : pohorie)  |2 SNKPHgeo  |9 67729 
773 0 |t Tatranský dvojtýždenník  |g Roč. XXII, č. 9 (2011), s. 2 
852 |a PPPK  |b KIS3GCP 
999 |c 2189339  |d 2191269